| 000 | 01952nam0a2200457 4500 | ||
|---|---|---|---|
| 001 | RU\NLR\bibl\522288 | ||
| 005 | 20250609145157.0 | ||
| 010 |
_a5-7477-0938-0 _9200 |
||
| 021 |
_aRU _b2004-21197 _91075 |
||
| 035 | _a(NLR Aleph) 000514683 | ||
| 090 |
_a1255210 _c1255210 |
||
| 100 | _a20040520d2003 |||y0rusy50 ca | ||
| 101 | 0 |
_arus _abak _aara |
|
| 102 | _aRU | ||
| 105 | _ay ||||||||| | ||
| 200 | 1 |
_aЕвропейская коранистика и башкирский перевод Корана _eН.А. Суяргулов _fМ-во образования Рос. Федерации, Башк. гос. ун-т |
|
| 210 |
_aУфа _cБашГУ _d2003 |
||
| 215 |
_a168 с. _d21 |
||
| 300 | _aЧасть текста на башк. и араб. яз. | ||
| 320 | _aБиблиогр.: с. 161-167 (120 назв.) и в тексте | ||
| 500 | 1 | 0 | _aКоран |
| 600 | 1 |
_aСуяргулов _bН. А. _f1937 _gНурмухамет Алибаевич _92559290 _3RU\NLR\AUTH\6601726469 |
|
| 605 |
_aКоран _xТолкование _92186408 _3RU\NLR\auth\661314534 |
||
| 605 |
_aКоран _xПереводы на башкирский язык _92559288 _3RU\NLR\AUTH\6601726468 |
||
| 606 | 1 |
_aАрабский язык _xПеревод _xБашкирский язык _92559292 _3RU\NLR\AUTH\6601726470 |
|
| 686 | 1 | _aШ5(0)961.34-332Коран | |
| 686 | 2 | _aЭ38-210.2 | |
| 686 | 1 | _aШ1г(2=Баш)7дСуяргулов | |
| 686 | 1 | _aШ161.131-77 | |
| 686 | 1 | _aШ163.22-77 | |
| 700 | 1 |
_4070 _aСуяргулов _bН. А. _cканд. филол. наук _f1937- _gНурмухамет Алибаевич _9257505 _3RU\NLR\AUTH\770257561 |
|
| 801 | 0 |
_aRU _bNLR _c20040520 _gPSBO |
|
| 801 | 1 |
_aRU _bNLR _c20040520 |
|
| 830 | _aАвт. по кн. | ||
| 852 |
_aNLR _bОНЛ _jБашк./3-4687 |
||
| 942 | _cBOOK | ||
| 980 | _aNB | ||
| 980 | _aNBR | ||